000 00550nam a2200181Ia 4500
005 20250508160658.0
008 008 250505s9999 xx 000 0 eng d
037 _aTextual
040 _aFEDL
_beng
_cFEDL
041 _aeng
_2eng
084 _a371.912, LEW
_qFEDL
100 _aLewis M M
245 0 _aLanguage and personality in deaf children
260 _aLondon, UK
_bThe National Foundation for Educational Research in England and Wales
_c1968
300 _a239p
942 _cTEXL
_h371.912, LEW
999 _c1366001
_d1366001